00905cam a2200265 4500001000700000003000900007005001700016008004100033010001700074040002300091043002100114050001700135082001300152100003300165245009700198260003900295300002100334350001900355490004700374504004100421505004000462651003000502651005500532830005200587305732BDDh-ASL20231015025754.0721102m19729999ii b 000 0 eng  a 72902908  aDLCcDLCdBDDh-ASL aa-ii---ae-uk---00aHF3785b.B28 a954bBAH1 aBanerjee, Tarasankar,d1934-10aHistory of internal trade barriers in British India :ba study of transit and town duties /  aCalcutta,bAsiatic Societyc[1972- a156 p. :c25 cm. aRs25.00 (v. 1)1 aAsiatic Society. Monograph series ;vv. 21 aIncludes bibliographical references.1 av. 1. Bengal Presidency, 1765-1836. 0aIndiaxCommercexHistory. 0aGreat BritainxPolitics and governmenty1910-1936. 0aAsiatic Society monograph series ;vv. 21, etc.